Départements les plus Visités - Statistiques

Statistiques générales
  • Ce quiz a été pris 135 fois
  • Le résultat moyen est 6 sur 10
Statistiques - réponses
# Département % Correct
15 173 228 Paris
97%
2 838 922 Bouches-du-Rhône
83%
2 150 587 Gironde
76%
3 745 876 Alpes-Maritimes
72%
2 734 664 Rhône
72%
2 110 385 Nord
65%
2 550 213 Hauts-de-Seine
46%
2 517 425 Seine-Saint-Denis
45%
4 399 047 Seine-et-Marne
41%
2 516 777 Val-d’Oise
33%
Aucun quiz correspondant
Distribution des résultats
% des personnes avec chaque résultat
Percentile par nombre de réponses
Votre historique - résultats
Vous n’avez pas pris ce quiz